00510nam a2200133Ia 4500008004100000100002700041245007500068245008200143260005300225260001400278300000800292650001500300856006100315170221s9999 xx 000 0 und d aMustapha Sidi Attahiru aRelationship between Culture and Work Ethics: The Islamic Perspective  cMustapha Sidi Attahiru, Al-Hasan Mohammed Hasan Al-Aidaros, Syarifah Md Yusof bInternational Review of Management and Marketing cJune 2013 a5:1 xMarketing. uhttp://www.econjournals.com/index.php/irmm/issue/view/91